1521 1177 1386 1723 1986 1997 1069 1624 1263 1912 1300 1813 1393 1218 1787 1683 1711 1268 1954 1717 1585 1179 1932 1729 1392 1213 1184 1877 1377 1280 1553 1472 1823 1361 1733 1716 1791 1973 1697 1917 1342 1783 1156 1103 1753 1698 1347 1571 1911 1947 1009 1962 1557 1523 1635 1344 1570 1504 1787 1261 1993 1847 1129 1510 1349 1684 1119 1158 1579 1931 1121 1191 1402 1419 1303 1728 1639 1635 1992 1810 1601 1699 1139 1397 1539 1932 1603 1351 1819 1193 1450 1418 1496 1858 1197 1828 1161 1519 1383 BCNSPRNW ULIB Ver.6.0+V

เปลี่ยนเป็นภาษาไทย

Change to English
 แสดงรายละเอียดบรรณานุกรม
  กลับหน้าหลัก

Brief Record : Get Marc (ISO 2709) : E-mail record : QR code < ปิดหน้าต่าง
LEADER : 00000nam 2200000uu 4500
001    13399124294
003     ULIB
008    150220s2557||||th 000 0 tha d
020    ^a9786163617477
060  4 ^aQS4^bผ381ร
100 0  ^aผาสุก มหรรฆานุเคราะห์
245 10 ^aระบบการเคลื่อนไหว =^bLocomotive System/^cผาสุก มหรรฆานุเคราะห์
250    ^aพิมพ์ครั้งที่ 1
260    ^aกรุงเทพฯ :^bภาควิชากายวิภาคศาสตร์ คณะแพทยศาสตร์ มหาวิทยาลัยเชียงใหม่,^c2557
300    ^a320 หน้า :^bภาพประกอบ
650  7 ^aกายวิภาคศาสตร์
650  7 ^aสรีรวิทยาของมนุษย์
650  7 ^aการเคลื่อนไหว
650  7 ^aมหกายวิภาคศาสตร์
945    ^p450^l0^i22871
945    ^p450^l0^i22872
945    ^p450^l0^i22873
945    ^p450^l0^i22874
999    ^aทศพร เกษรทอง
รายการนี้ยังไม่มีแท็ก
คุณยังไม่ได้ล็อกอิน คุณสามารถมีกิจกรรมร่วมกับเว็บไซต์ได้ แต่ต้องล็อกอินก่อน ::
  ล็อกอิน

รายการสื่อสารสนเทศ

ลำดับที่ ประเภท เลขเรียก/บาร์โค้ด สถานที่ สถานะ
1. วิทยาศาสตร์การแพทย์ และสุขภาพ
วิทยาศาสตร์การแพทย์ และสุขภาพ
สถานะ=หนังสือเก่า
QS4 ผ381ร ฉ.1 
  Barcode: 22871
ห้องสมุดวิทยาเขตนครสวรรค์
►ส่วนจัดเก็บหนังสือเก่า นว.
บนชั้น
  ขอยืม
2. วิทยาศาสตร์การแพทย์ และสุขภาพ
วิทยาศาสตร์การแพทย์ และสุขภาพ
สถานะ=หนังสือเก่า
QS4 ผ381ร ฉ.2 
  Barcode: 22872
ห้องสมุดวิทยาเขตนครสวรรค์
►ส่วนจัดเก็บหนังสือเก่า นว.
บนชั้น
  ขอยืม
3. วิทยาศาสตร์การแพทย์ และสุขภาพ
วิทยาศาสตร์การแพทย์ และสุขภาพ
สถานะ=หนังสือเก่า
QS4 ผ381ร ฉ.3 
  Barcode: 22873
ห้องสมุดวิทยาเขตนครสวรรค์
►ส่วนจัดเก็บหนังสือเก่า นว.
บนชั้น
  ขอยืม
4. วิทยาศาสตร์การแพทย์ และสุขภาพ
วิทยาศาสตร์การแพทย์ และสุขภาพ
สถานะ=หนังสือเก่า
QS4 ผ381ร ฉ.4 
  Barcode: 22874
ห้องสมุดวิทยาเขตนครสวรรค์
►ส่วนจัดเก็บหนังสือเก่า นว.
บนชั้น
  ขอยืม

รายการใกล้เคียง
    ผู้แต่ง [ผาสุก มหรรฆานุเคราะห์]

    หัวเรื่อง [กายวิภาคศาสตร์]
    หัวเรื่อง [สรีรวิทยาของมนุษย์]
    หัวเรื่อง [การเคลื่อนไหว]
    หัวเรื่อง [มหกายวิภาคศาสตร์]

BibComment


ยังไม่เคยถูกคอมเมนท์

คอมเมนท์ทรัพยากรรายการนี้
  คอมเมนท์: ระบบการเคลื่อนไห..


 Copyright 2026. Bcnsprnw @Library